000 00957nam a22003137a 4500
003 CHAP
005 20220329134012.0
008 971013s1977 r 00010 d
010 _a13911
011 _a14883
035 _a18957
040 _cCHAP
082 _a636.4
_bB2Y
100 0 0 _aBelanger, Jerome D.
_911331
245 _aUsted puede criar cerdos
260 _aBuenos Aires :
_bEl Ateneo,
_c1977
300 _a184 p.
_b: ilus.
490 _aLa granja y la huerta
590 _aBATCH-UPD
_b10
_c20130110
_lUCH01
_h0146
590 _aBATCH-UPD
_b10
_c20130110
_lUCH01
_h1341
590 _aBATCH-UPD
_b10
_c20130410
_lUCH01
_h0842
590 _aBATCH-UPD
_b10
_c20130914
_lUCH01
_h0556
590 _aCONVERSION
_b10
_c20130109
_lUCH01
_h1309
650 1 4 _aGanado porcino
_xCría de.
_945350
830 0 _aLa granja y la huerta
_964224
901 _aBK
942 _cLIBRO
949 _a636.4 B2Y
_bBC
_cLIBRO
_d33724000113932
_eLIBRO
_h57074
_i18957
_si
_t202.00
999 _c13911
_d13911